Guess the Football (Soccer) Player - Statistics

General Stats
  • This quiz has been taken 1,949 times
    1,947 since last reset
  • The average score is 7 of 20
Answer Stats
Hint Answer % Correct
Striker. Cameroon. Russian League Samuel Eto'o
83%
Winger. France. Bundesliga Frank Ribery
58%
Goalkeeper. Italy. Serie A Buffon
55%
Winger. Argentina. Liga BBVA Di Maria
52%
Goalkeeper. France. EPL Hugo Lloris
46%
Striker. Mexico. EPL Hernandez
45%
Attacking Midfielder/Winger. Spain. EPL Juan Mata
42%
Striker. Montenegro. Serie A Jovetic
38%
Centre Back. Brazil. Bundesliga. Dante
37%
Full Back. Spain. Liga BBVA Jordi Alba
36%
Striker/Winger. Brazil. Brazilian League Neymar
36%
Attacking Midfielder. Netherlands. Turkish League Wesley Sneijder
36%
Midfielder. Belgium. EPL Marouane Fellaini
27%
Midfielder. English. Ligue 1 David Beckham
24%
Midfielder. Ghana. Liga BBVA Michael Essien
23%
Wigner. Ireland. Russian League Aiden Mcgeady
22%
Winger/Striker Argentina. Ligue 1 Lavezzi
22%
Full Back. Italy. Serie A Ignasi Abate
13%
Striker. Argentina. Ligue 1 Lopez
11%
Striker. Spain. Portuguese League Rodrigo
7%
No matching quizzes found
Score Distribution
Percent of People with Each Score
Percentile by Number Answered
Your Score History
You have not taken this quiz since the last reset